[Event "Lake Sevan 2017"]
[Site "Yerevan"]
[Date "2017.07.22"]
[Round "9"]
[White "Gabuzyan, Hovhannes"]
[Black "Nabaty, Tamir"]
[Result "1-0"]
[WhiteElo "2569"]
[BlackElo "2650"]
[Annotator "TA"]
[PlyCount "111"]
[EventDate "2017.??.??"]
[EventCountry "ARM"]
[SourceTitle "playchess.com"]
[Source "ChessBase"]
[SourceQuality "1"]

{[%evp 15,111,21,19,0,5,0,9,0,0,0,0,-8,-8,-28,-20,-18,-17,-10,-21,-20,-9,-16,-6,-7,0,-1,14,10,20,15,18,0,17,14,16,11,11,3,23,11,21,25,22,13,13,20,10,14,16,0,0,0,0,0,0,0,29,11,22,10,64,54,77,77,83,77,83,91,115,115,115,115,115,115,115,115,115,115,115,115,115,106,108,15,1178,1030,884,878,1295,580,1421,1146,29979,29980,29984,29982,29986,29981]} 1. Nf3 d5 2. g3 Nd7 3. d4 Ngf6 4. Bg2 g6 5. O-O Bg7 6. c4 dxc4 7. Qa4 O-O 8. Qxc4 Nb6 {LiveBook: 5 Games. D73: Fianchetto Grünfeld: 5 Nf3} 9. Qc5 Bf5 10. Nc3 (10. Bf4 Ne4 11. Qxc7 Nd5 12. Qxb7 Nxf4 13. gxf4 Qd6 14. Qb3 Qxf4 15. Nc3 Rab8 16. Qa3 {½-½ (32) Van Wely,L (2647)-Giri,A (2791) Amsterdam 2015}) 10... Ne4 {The position is equal.} 11. Qa3 Nxc3 $146 ({Predecessor:} 11... Re8 12. Ng5 Nd6 13. e4 Bg4 14. e5 Ndc4 15. Qc5 h6 16. b3 hxg5 17. bxc4 {1-0 (37) Mohebbi,J (2292)-Schrems,H (2159) Baden 2013}) 12. bxc3 Be4 13. Qb3 Qd5 14. Ba3 Rfe8 15. Qxd5 Bxd5 16. Nd2 e5 17. e3 Rad8 18. Rfc1 Bxg2 19. Kxg2 f5 20. Rc2 g5 21. Rb1 f4 22. exf4 gxf4 23. dxe5 fxg3 24. hxg3 {Hoping for f4.} Rxe5 25. Nf3 Re4 26. Ng5 Re5 27. c4 Rd3 ({Don't play} 27... Rxg5 $6 28. Be7 $16) (27... Rde8 $5 {[%cal Re5g5]} 28. Bc1 Rc5 $14) 28. Bc1 {Threatens to win with c5.} h6 29. Nf3 Rc5 $1 30. Rb5 Rxb5 31. cxb5 Nd5 32. Bb2 Bxb2 33. Rxb2 $11 {[%mdl 4096] Endgame KRN-KRN} Ra3 34. Rd2 Nf6 35. Nd4 a6 36. Ne6 Ne4 37. Rb2 Rc3 (37... axb5 $11 38. Nxc7 Nc3) 38. Rb4 $14 {[#] bxa6 is the strong threat.} Nd6 39. bxa6 bxa6 40. Rd4 Ra3 41. Nxc7 Nb5 42. Nxb5 axb5 $16 {KR-KR} 43. Rd2 b4 44. Rb2 Kf7 45. Kh3 Ra4 46. f4 Ra3 47. Kh4 Kg6 48. g4 Kf6 49. f5 ({Resist} 49. Rxb4 Rxa2 50. Rb6+ Kg7 $18) (49. Rd2 $16) 49... Kg7 $2 {[%mdl 8192]} (49... h5 $11) 50. Re2 Kf7 51. Rd2 Kg7 {[#]} 52. Rd7+ $1 Kg8 53. Kh5 Rxa2 54. Kg6 {[%cal Rd7d8] White mates.} Ra8 55. Rb7 Kh8 56. Kxh6 {Precision: White = 68%, Black = 49%.} 1-0

[Event "Lake Sevan 2017"]
[Site "Yerevan"]
[Date "2017.07.22"]
[Round "9"]
[White "Harutyunian, Tigran K"]
[Black "Swiercz, Dariusz"]
[Result "1/2-1/2"]
[WhiteElo "2517"]
[BlackElo "2637"]
[Annotator "TA"]
[PlyCount "128"]
[EventDate "2017.??.??"]
[EventCountry "ARM"]
[SourceTitle "playchess.com"]
[Source "ChessBase"]
[SourceQuality "1"]

{[%evp 9,128,-16,-20,-18,-16,-19,0,-8,0,-3,4,10,5,-2,-19,-1,-7,0,0,0,0,0,0,-7,-2,-22,-14,-10,21,17,17,12,14,21,23,0,0,0,12,10,15,16,29,0,9,9,9,7,37,15,35,35,44,14,13,0,0,0,0,0,0,0,7,1,10,0,33,8,56,0,0,0,0,0,0,0,0,0,0,0,0,0,0,0,0,0,0,0,0,0,0,0,0,0,0,0,0,0,0,0,0,0,0,0,0,0,0,0,0,0,0,0,0,0,0,0,0,0,0,0,0]} 1. c4 e5 2. Nc3 Bb4 3. Qc2 Nf6 4. g3 O-O 5. Bg2 Re8 6. e4 {A22: English Opening: 1...e5 2 Nc3 Nf6} (6. a3 Bf8 7. d3 c6 8. Bg5 h6 9. Bxf6 Qxf6 10. Nf3 d6 11. O-O Be6 12. Nd2 Nd7 13. Rab1 a5 14. b4 axb4 15. axb4 {0-1 (70) Dzagnidze,N (2570)-Zhao,X (2514) Beijing 2014}) 6... Nc6 7. Nge2 Nd4 8. Nxd4 exd4 9. Ne2 c6 {Hoping for ...d5.} (9... d5 $5 10. cxd5 Nxd5 $11) 10. a3 Bf8 11. d3 $146 ({Predecessor:} 11. O-O d5 12. cxd5 cxd5 13. Nxd4 dxe4 {0-1 (38) Papp,N (2146)-Toth Gergye,G (2207) Hungary 2002}) 11... d5 12. cxd5 cxd5 13. e5 $1 {[%cal Re5f6]} Rxe5 14. O-O Bg4 15. Nxd4 Rc8 16. Qb3 Bc5 17. Be3 Qe7 18. Nf3 Bxf3 19. Bxc5 Qxc5 20. Bxf3 b6 21. Qa4 Re7 22. Rfe1 h6 23. Kg2 (23. Qf4 $5 {[%cal Re1c1]} Rec7 24. a4 $11) 23... Qd6 24. Rac1 Rxc1 25. Rxc1 Qe5 26. Qc2 (26. Rc8+ {looks sharper.} Kh7 27. Qc2 g6 28. Qc3 Qxc3 29. Rxc3 h5 30. h4) 26... g6 27. Qc3 Qxc3 28. Rxc3 $11 {[%mdl 4096] Endgame KRB-KRN} Kg7 29. Rc8 Rd7 30. Kf1 h5 31. h4 Ng8 32. Ke2 Ne7 33. Re8 Rc7 34. Kd2 Kf6 35. Rd8 Ke6 36. Bg2 Ke5 37. Bf3 a5 38. Bg2 f5 39. Rf8 (39. Rb8 $14) 39... Rc8 {The position is equal.} 40. Rxc8 Nxc8 {KB-KN} 41. Ke3 d4+ 42. Ke2 Ne7 43. Bb7 Ng8 44. Bc6 Nf6 45. Bb5 Ng4 46. Be8 Kf6 47. Bc6 Ne5 48. Bd5 Ke7 49. Bb3 Nd7 50. Ba4 Ne5 51. Bb3 b5 52. Bd5 b4 53. axb4 axb4 54. Kd2 (54. f4 $5 {[%cal Rf4e5]} Nd7 55. Bc4 $11) 54... Nd7 55. Kc2 {With the idea Kb3.} Nc5 56. f4 Kf6 57. Bc4 Kg7 58. Bd5 Kf8 59. Bc4 Ke8 60. Bd5 Ke7 61. Bc4 Kf6 62. Bd5 Ke7 63. Bc4 Kf6 64. Bd5 Ke7 {Precision: White = 57%, Black = 64%.} 1/2-1/2